| 000 | 01693nam a2200445Ia 4500 | ||
|---|---|---|---|
| 001 | ebr10576107 | ||
| 003 | CaPaEBR | ||
| 006 | m u | ||
| 007 | cr cn||||||||| | ||
| 008 | 071231s2008 pau sb 001 0 eng d | ||
| 010 | _z 2007052496 | ||
| 020 | _z0812240839 (hardcover : alk. paper) | ||
| 020 | _z9780812207415 | ||
| 020 | _z9780812240832 (hardcover : alk. paper) | ||
| 040 |
_aCaPaEBR _cCaPaEBR |
||
| 035 | _a(OCoLC)802051773 | ||
| 050 | 1 | 4 |
_aD16.9 _b.D295 2008eb |
| 082 | 0 | 4 |
_a901 _222 |
| 100 | 1 |
_aDavis, Kathleen, _d1952- |
|
| 245 | 1 | 0 |
_aPeriodization and sovereignty _h[electronic resource] : _bhow ideas of feudalism and secularization govern the politics of time / _cKathleen Davis. |
| 260 |
_aPhiladelphia : _bUniversity of Pennsylvania Press, _cc2008. |
||
| 300 | _a187 p. | ||
| 490 | 1 | _aMiddle Ages series | |
| 504 | _aIncludes bibliographical references (p. [169]-182) and index. | ||
| 533 |
_aElectronic reproduction. _bPalo Alto, Calif. : _cebrary, _d2013. _nAvailable via World Wide Web. _nAccess may be limited to ebrary affiliated libraries. |
||
| 650 | 0 |
_aHistory _xPeriodization. |
|
| 650 | 0 |
_aHistory _xPolitical aspects. |
|
| 650 | 0 |
_aTime _xPolitical aspects. |
|
| 650 | 0 | _aCivilization, Medieval. | |
| 650 | 0 | _aCivilization, Modern. | |
| 650 | 0 | _aSovereignty. | |
| 650 | 0 | _aFeudalism. | |
| 650 | 0 | _aSecularization. | |
| 650 | 0 |
_aHistory _xPhilosophy. |
|
| 650 | 0 |
_aHistoriography _xPhilosophy. |
|
| 655 | 7 |
_aElectronic books. _2local |
|
| 710 | 2 | _aebrary, Inc. | |
| 830 | 0 | _aMiddle Ages series. | |
| 856 | 4 | 0 |
_uhttp://site.ebrary.com/lib/rucke/Doc?id=10576107 _zAn electronic book accessible through the World Wide Web; click to view |
| 999 |
_c87859 _d87859 |
||